000 02004nam0a2200373 4500
001 RU\NLR\bibl\951426
005 20250614201317.0
010 _a5-7804-0329-5
_93000
021 _aRU
_b2006-16793
_9831
035 _a(nilc)RSL-KNO-002863798
035 _a(NLR Aleph) 000939527
090 _a210964
_c210964
100 _a20060413d2005 |||y0rusy50 ca
101 0 _arus
102 _aRU
105 _aa |||||||||
106 _ar
200 1 _aЮным умникам и умницам
_eзадания по развитию познавательных способностей (9-10 лет)
_eметодическое пособие для 4 кл.
_eв помощь учителю начальной школы: программа курса "РПС"
_fО. Холодова
205 _aИзд. 2-е, испр. и доп.
210 _aМосква
_cРОСТ кн.
_d2005
215 _a222 с.
_cил.
_d21
225 1 _aПодумаем вместе
225 1 _aМатематика. Информатика. Логика
606 1 _aПознавательные способности у детей
_jМетодические пособия
_91992012
_3RU\NLR\auth\66914644
610 0 _aКультура. Наука. Просвещение -- Народное образование. Педагогические науки -- Общеобразовательная школа. Школьная педагогика -- Школьная педагогика -- Российская Федерация -- Дидактика -- Процесс обучения. Дидактические принципы -- Процесс обучения -- Процесс обучения в начальной школе
686 _aЧ421,6(2)221.5,0
_2rubbk
686 _aЧ421.2,01я7
700 1 _aХолодова
_bО. А.
_4070
801 0 _aRU
_bРКП
_c20060413
_grcr
801 1 _aRU
_bРГБ
_c20060413
801 2 _aRU
_bNLR
_c20060519
_grcr
942 _cBOOK
980 _aNB